<?xml version="1.0" encoding="UTF-8"?>
<record
    xmlns:xsi="http://www.w3.org/2001/XMLSchema-instance"
    xsi:schemaLocation="http://www.loc.gov/MARC21/slim http://www.loc.gov/standards/marcxml/schema/MARC21slim.xsd"
    xmlns="http://www.loc.gov/MARC21/slim">

  <leader>00508nam a22001457a 4500</leader>
  <controlfield tag="003">OSt</controlfield>
  <controlfield tag="005">20150917144350.0</controlfield>
  <controlfield tag="008">150917b        xxu||||| |||| 00| 0 eng d</controlfield>
  <datafield tag="040" ind1=" " ind2=" ">
    <subfield code="c">RUA</subfield>
  </datafield>
  <datafield tag="082" ind1=" " ind2=" ">
    <subfield code="a">AGR SOU 2001 B026 Or.1</subfield>
  </datafield>
  <datafield tag="100" ind1=" " ind2=" ">
    <subfield code="9">682</subfield>
    <subfield code="a">SOUN, SOPHEA.</subfield>
  </datafield>
  <datafield tag="245" ind1=" " ind2=" ">
    <subfield code="a">Fertilizer effecting on sweet corn crop exterimental &#x1780;&#x17B6;&#x179A;&#x1796;&#x17B7;&#x179F;&#x179F;&#x17C4;&#x1792;&#x1793;&#x17CF; &#x1794;&#x17D2;&#x179A;&#x17C0;&#x1794;&#x1792;&#x17C0;&#x1794;&#x17A5;&#x1791;&#x17D2;&#x1792;&#x17B7;&#x1796;&#x179B;&#x1787;&#x17B8; &#x179B;&#x17BE;&#x178A;&#x17C6;&#x178E;&#x17B6;&#x17C6;&#x1796;&#x17C4;&#x178F;&#x1795;&#x17D2;&#x17A2;&#x17C2;&#x1798; </subfield>
  </datafield>
  <datafield tag="260" ind1=" " ind2=" ">
    <subfield code="a">Phnom Penh</subfield>
    <subfield code="b">RUA</subfield>
    <subfield code="c">2001</subfield>
  </datafield>
  <datafield tag="942" ind1=" " ind2=" ">
    <subfield code="2">ddc</subfield>
    <subfield code="c">AGR</subfield>
  </datafield>
  <datafield tag="999" ind1=" " ind2=" ">
    <subfield code="c">657</subfield>
    <subfield code="d">657</subfield>
  </datafield>
  <datafield tag="952" ind1=" " ind2=" ">
    <subfield code="0">0</subfield>
    <subfield code="1">0</subfield>
    <subfield code="2">ddc</subfield>
    <subfield code="4">0</subfield>
    <subfield code="6">AGR_SOU_2001_000000000000000_B026_OR_1</subfield>
    <subfield code="7">0</subfield>
    <subfield code="9">2825</subfield>
    <subfield code="a">LBB</subfield>
    <subfield code="b">LBB</subfield>
    <subfield code="d">2015-09-17</subfield>
    <subfield code="l">3</subfield>
    <subfield code="o">AGR SOU 2001 B026 Or.1</subfield>
    <subfield code="p">RUA002959</subfield>
    <subfield code="r">2020-11-03</subfield>
    <subfield code="s">2020-10-28</subfield>
    <subfield code="w">2015-09-17</subfield>
    <subfield code="y">AGR</subfield>
  </datafield>
  <datafield tag="952" ind1=" " ind2=" ">
    <subfield code="0">0</subfield>
    <subfield code="1">0</subfield>
    <subfield code="2">ddc</subfield>
    <subfield code="4">0</subfield>
    <subfield code="6">AGR_SOU_2001_000000000000000_B026_OR_2</subfield>
    <subfield code="7">0</subfield>
    <subfield code="9">2826</subfield>
    <subfield code="a">LBB</subfield>
    <subfield code="b">ML</subfield>
    <subfield code="d">2015-09-17</subfield>
    <subfield code="l">3</subfield>
    <subfield code="o">AGR SOU 2001 B026 Or.2</subfield>
    <subfield code="p">RUA002747</subfield>
    <subfield code="r">2025-12-22</subfield>
    <subfield code="s">2025-11-19</subfield>
    <subfield code="w">2015-09-17</subfield>
    <subfield code="y">AGR</subfield>
  </datafield>
  <datafield tag="952" ind1=" " ind2=" ">
    <subfield code="0">0</subfield>
    <subfield code="1">0</subfield>
    <subfield code="2">ddc</subfield>
    <subfield code="4">0</subfield>
    <subfield code="6">AGR_SOU_2001_000000000000000_B026_OR_3</subfield>
    <subfield code="7">0</subfield>
    <subfield code="9">2828</subfield>
    <subfield code="a">LBB</subfield>
    <subfield code="b">LBB</subfield>
    <subfield code="d">2015-09-17</subfield>
    <subfield code="l">4</subfield>
    <subfield code="o">AGR SOU 2001 B026 Or.3</subfield>
    <subfield code="p">RUA002819</subfield>
    <subfield code="r">2020-11-03</subfield>
    <subfield code="s">2020-10-28</subfield>
    <subfield code="w">2015-09-17</subfield>
    <subfield code="y">AGR</subfield>
  </datafield>
  <datafield tag="952" ind1=" " ind2=" ">
    <subfield code="0">0</subfield>
    <subfield code="1">0</subfield>
    <subfield code="2">ddc</subfield>
    <subfield code="4">0</subfield>
    <subfield code="6">AGR_SOU_2001_000000000000000_B026_OR_4</subfield>
    <subfield code="7">0</subfield>
    <subfield code="9">2829</subfield>
    <subfield code="a">LBB</subfield>
    <subfield code="b">LBB</subfield>
    <subfield code="d">2015-09-17</subfield>
    <subfield code="l">2</subfield>
    <subfield code="o">AGR SOU 2001 B026 Or.4</subfield>
    <subfield code="p">RUA002677</subfield>
    <subfield code="r">2026-05-18</subfield>
    <subfield code="s">2026-04-29</subfield>
    <subfield code="w">2015-09-17</subfield>
    <subfield code="y">AGR</subfield>
  </datafield>
  <datafield tag="952" ind1=" " ind2=" ">
    <subfield code="0">0</subfield>
    <subfield code="1">0</subfield>
    <subfield code="2">ddc</subfield>
    <subfield code="4">0</subfield>
    <subfield code="6">AGR_SOU_2001_000000000000000_B026_OR_5</subfield>
    <subfield code="7">0</subfield>
    <subfield code="9">5845</subfield>
    <subfield code="a">LBB</subfield>
    <subfield code="b">LBB</subfield>
    <subfield code="c">B026</subfield>
    <subfield code="d">2015-09-27</subfield>
    <subfield code="l">2</subfield>
    <subfield code="o">AGR SOU 2001 B026 Or.5</subfield>
    <subfield code="p">RUA019484</subfield>
    <subfield code="r">2021-08-03</subfield>
    <subfield code="s">2021-08-03</subfield>
    <subfield code="w">2015-09-27</subfield>
    <subfield code="y">AGR</subfield>
  </datafield>
</record>
